ბათუმის შოთა რუსთაველის სახელმწიფო უნივერსიტეტის ბიბლიოთეკა

Элементы топологии и дифференциальной геометрии (ბიბ.ჩანაწერი № 48246)

000 -LEADER
fixed length control field 00610nam a2200193Ia 4500
001 - CONTROL NUMBER
control field 15130
003 - CONTROL NUMBER IDENTIFIER
control field GE_BSU
008 - FIXED-LENGTH DATA ELEMENTS--GENERAL INFORMATION
fixed length control field 181216s||||||||xx |||||||||||||| ||und||
040 ## - CATALOGING SOURCE
Transcribing agency GE_BSU
080 ## - UNIVERSAL DECIMAL CLASSIFICATION NUMBER
Universal Decimal Classification number 515.1(075.8)
100 ## - MAIN ENTRY--PERSONAL NAME
Personal name Вернер,А.А. Кантор,Б.Е.
245 ## - TITLE STATEMENT
Title Элементы топологии и дифференциальной геометрии
260 ## - PUBLICATION, DISTRIBUTION, ETC.
Place of publication, distribution, etc. Москва
260 ## - PUBLICATION, DISTRIBUTION, ETC.
Name of publisher, distributor, etc. Просвещение.
260 ## - PUBLICATION, DISTRIBUTION, ETC.
Date of publication, distribution, etc. 1985
300 ## - PHYSICAL DESCRIPTION
Extent 110стр.22см.
653 ## - INDEX TERM--UNCONTROLLED
Uncontrolled term Элементы топологии и дифференциальной геометрии
942 ## - ADDED ENTRY ELEMENTS (KOHA)
Koha item type წიგნი
ეგზემპლარები
Withdrawn status Lost status Damaged status Not for loan Date acquired Barcode Date last seen Price effective from Koha item type
        2018-12-17 17595 2018-12-17 2018-12-17 წიგნი
        2018-12-17 17596 2018-12-17 2018-12-17 წიგნი
        2018-12-17 17597 2018-12-17 2018-12-17 წიგნი
        2018-12-17 17598 2018-12-17 2018-12-17 წიგნი
        2018-12-17 17599 2018-12-17 2018-12-17 წიგნი
        2018-12-17 17618 2018-12-17 2018-12-17 წიგნი